Mario Kart 7 Tracks - Statistics

General Stats
  • This quiz has been taken 187 times
  • The average score is 20 of 32
Answer Stats
Cup Track % Correct
Special Cup Rainbow Road
92%
Lightning Cup Rainbow Road
92%
Shell Cup Bowser Castle 1
90%
Mushroom Cup Toad Circuit
85%
Special Cup Bowser’s Castle
83%
Flower Cup Mario Circuit
75%
Banana Cup Mario Circuit 2
75%
Mushroom Cup Daisy Hills
72%
Special Cup Rosalina’s Ice World
69%
Mushroom Cup Shy Guy Bazaar
69%
Lightning Cup Koopa Cape
65%
Banana Cup Waluigi Pinball
64%
Special Cup DK Jungle
63%
Mushroom Cup Cheep Cheep Lagoon
62%
Leaf Cup Maple Treeway
62%
Flower Cup Rock Rock Mountain
62%
Star Cup Wario Shipyard
62%
Flower Cup Wuhu Loop
62%
Banana Cup Coconut Mall
60%
Flower Cup Music Park
60%
Star Cup Maka Wuhu
59%
Shell Cup Luigi Raceway
58%
Star Cup Neo Bowser City
58%
Shell Cup Luigi’s Mansion
56%
Leaf Cup Kalimari Desert
55%
Star Cup Piranha Plant Slide
55%
Lightning Cup Airship Fortress
53%
Shell Cup Mushroom Gorge
51%
Lightning Cup Dino Dino Jungle
49%
Leaf Cup Daisy Cruiser
44%
Leaf Cup DK Pass
44%
Banana Cup Koopa Troopa Beach
43%
No matching quizzes found
Score Distribution
Percent of People with Each Score
Percentile by Number Answered
Your Score History
You have not taken this quiz